000 00790nam a2200229 i 4500
001 148636
003 ES-MaACL
005 20230906202735.0
007 t|
008 070214s1977 xxu r ||||1| eng d
245 0 0 _aStudies in honor of Ruth Lee Kennedy /
_cVern G. Williamsen and A. F. Michael Atlee, editors.
260 _aChapel Hiel, N. C. :
_b[University of North Carolina,
_c1977] (
_eValencia :
_fSoler)
300 _a176 p. ;
_c24 cm.
490 1 _aEstudios de Hispanofilia ;
_v46
700 1 _aKennedy, Ruth Lee.
_967848
700 1 _aWilliamsen, Vern G.
_9116966
700 1 _aAtlee, A. F. Michael.
_923763
710 2 _aUniversity of North Carolina.
_97512
830 0 _aEstudios de Hispanofilia ;
_v46
_9187517
852 _aES-MaACL
_jA-7560
999 _c148636
_d148636